00357 a2200121 4500001001000000005001700010008004100027245003300068100002500101700002200126700002000148773006700168ART_1283820260410161733.0260409a 10aProhibido cruzarse de brazos1 aSánchez, Carlos E.1 aFloria, Carlos A.1 aBlasco, Eduardo0 tEjecutivos de finanzasg- Año 7, Nº 57 (jul. 1989)wREV2863